000 00320nam a2200145Ia 4500
100 _aPanneerseluam
942 _cBK
654 _aOperation
245 _aProduction & Operation Management
260 _bPrentice Hall
_aNewDelhi
_c1999
082 _a658.562
_bPAN
300 _a455
546 _aENGLISH
999 _c20844
_d20844